ბათუმის შოთა რუსთაველის სახელმწიფო უნივერსიტეტის ბიბლიოთეკა

ქართული პროზა წ.23:მიხეილ ჯავახიშვილი:კვაჭი კვაჭანტირაძე (ბიბ.ჩანაწერი № 43732)

000 -LEADER
fixed length control field 01098nam a2200253Ia 4500
001 - CONTROL NUMBER
control field 10477
003 - CONTROL NUMBER IDENTIFIER
control field GE_BSU
008 - FIXED-LENGTH DATA ELEMENTS--GENERAL INFORMATION
fixed length control field 181216s||||||||xx |||||||||||||| ||und||
020 ## - INTERNATIONAL STANDARD BOOK NUMBER
International Standard Book Number 9789992865269
040 ## - CATALOGING SOURCE
Transcribing agency GE_BSU
080 ## - UNIVERSAL DECIMAL CLASSIFICATION NUMBER
Universal Decimal Classification number 821.353.1-3+821.353.1-31+821.353.1-32
100 ## - MAIN ENTRY--PERSONAL NAME
Personal name ჯავახიშვილი,მიხეილ
245 ## - TITLE STATEMENT
Title ქართული პროზა წ.23:მიხეილ ჯავახიშვილი:კვაჭი კვაჭანტირაძე
245 ## - TITLE STATEMENT
Remainder of title მოთხრობები
245 ## - TITLE STATEMENT
Statement of responsibility, etc. შემდგ.რედ.ჯ.ღვინჯილია,ვ.ჯავახაძე.მხატვ.დავით დუნდუა,თამაზ შარიფაშვილი
260 ## - PUBLICATION, DISTRIBUTION, ETC.
Place of publication, distribution, etc. თბილისი
260 ## - PUBLICATION, DISTRIBUTION, ETC.
Name of publisher, distributor, etc. საქართველო
260 ## - PUBLICATION, DISTRIBUTION, ETC.
Date of publication, distribution, etc. 1995
300 ## - PHYSICAL DESCRIPTION
Extent 608გვ.20სმ.
653 ## - INDEX TERM--UNCONTROLLED
Uncontrolled term მიხეილ ჯავახიშვილი:კვაჭი კვაჭანტირაძე
653 ## - INDEX TERM--UNCONTROLLED
Uncontrolled term ქართული პროზა
942 ## - ADDED ENTRY ELEMENTS (KOHA)
Koha item type წიგნი
ეგზემპლარები
Withdrawn status Lost status Damaged status Not for loan Date acquired Barcode Date last seen Price effective from Koha item type
        2018-12-17 34246 2018-12-17 2018-12-17 წიგნი